Score 0/46 Timer 07:00
2 Plays Today
% Correct
Luke
94.7%
Leia
93.8%
Ferris
88.3%
Cinderella
87.7%
Marty
86.6%
Thor
81.6%
Loki
78.3%
Gretl
76.1%
Sonny
76%
Boromir
75.8%
Friedrich
75%
Liesl
74.3%
Faramir
73.8%
Jack-Jack
71.7%
Brigitta
69.5%
Dash
69.5%
Drizella
68%
Hannah
67.9%
Fredo
67.8%
Michael
65.7%
Elliott
65.5%
Violet
60.4%
Marta
59.5%
% Correct
Kurt
56%
Jane
55.8%
Louisa
55.6%
Anastasia
54.7%
Rusty
53.8%
Connie
50.6%
Michael
47.6%
Audrey
46.6%
Gertie
44.7%
Jeanie
44.6%
Tommy
34.2%
Janie
34.1%
Tom
32.6%
Margot
32.1%
Chas
30.9%
Zuzu
29%
Holly
27.2%
Linda
23.8%
Pete
23.5%
Blanche
23.3%
Richie
23.1%
Dave
20.4%
Lee
7.7%
Remove Ads.
Support Sporcle.
Get the best of Sporcle when you Go Orange. This ad-free experience offers more features, more stats, and more fun while also helping to support Sporcle. Thank you for becoming a member.

You're not logged in!

Compare scores with friends on all Sporcle quizzes.
OR
Log In

Show Comments

Extras

Top Quizzes Today


Score Distribution

Your Account Isn't Verified!

In order to create a playlist on Sporcle, you need to verify the email address you used during registration. Go to your Sporcle Settings to finish the process.

Report this User

Report this user for behavior that violates our Community Guidelines.

Details: